00677cam a22002171 450000100060000000300080000600500170001400800410003103500190007204000320009104100110012308200200013410000300015424501010018426000550028530000270034050400400036765000150040770000190042270000180044129757BD-RjUL20211209051444.0140407r1951 enk b 001 0 eng d a(BD-RjUL)29842 aDLCcDLCdDLCdBD-RjULbeng1 aengfre00a153.9bPIP 19511 aPiaget, Jean,d1896-1980.14aThe psychology of intelligence /cTranslated from the French by Malcolm Piercy and D. E. Berlyne aLondon :bRoutledge & Paul,c1950 [Reprinted 1951] aviii, 182 p. ;c23 cm. aBibliography: p. 174-176. and Index 0aIntellect. aMalcolm Piercy aD. E. Berlyne